000 00542nam a2200217Ia 4500
003 OSt
005 20220928140452.0
006 a|||||r|||| 00| 0
007 ta
008 220927b |||||||| |||| 00| 0 eng d
024 _a8559
037 _cTextual
040 _aSDCL
_cSDCL
_beng
041 _2eng
_aeng
082 _aB280bG, P2
100 _aLooney Stephen W Ed.
_9495288
245 0 _aBiostatistical methods .
260 _c2002
942 _hB280bG, P2
_cTEXL
_2CC
999 _c811460
_d811460